Normal view MARC view

Entry Topical Term

Number of records used in: 1

001 - CONTROL NUMBER

  • control field: 42538

003 - CONTROL NUMBER IDENTIFIER

  • control field: dpl

005 - DATE AND TIME OF LATEST TRANSACTION

  • control field: 20120218095945.0

008 - FIXED-LENGTH DATA ELEMENTS

  • fixed length control field: 120218|||a|||||| | ||| d

040 ## - CATALOGING SOURCE

  • Original cataloging agency: dpl
  • Transcribing agency: dpl

150 ## - HEADING--TOPICAL TERM

  • Topical term or geographic name as entry element: Statistic

670 ## - SOURCE DATA FOUND

  • Source citation: Work cat.: (dpl): सारदेशानन्द 42537, श्री चैतन्य महाप्रभु /, 2000

670 ## - SOURCE DATA FOUND

  • Source citation: Work cat.: (dpl): सारदेशानन्द 42537, श्री चैतन्य महाप्रभु /, 2000

© Delhi Public Library
Hit Counter
free hit counter